Paradigms & paradoxes; (Record no. 121609)
[ view plain ]
| 000 -LEADER | |
|---|---|
| fixed length control field | 01735cam a2200361 i 4500 |
| 001 - CONTROL NUMBER | |
| control field | 67077 |
| 003 - CONTROL NUMBER IDENTIFIER | |
| control field | ARRUPE |
| 005 - DATE AND TIME OF LATEST TRANSACTION | |
| control field | 20150113124218.0 |
| 008 - FIXED-LENGTH DATA ELEMENTS--GENERAL INFORMATION | |
| fixed length control field | 781001s1972 pau b 001 0 eng |
| 010 ## - LIBRARY OF CONGRESS CONTROL NUMBER | |
| LC control number | 79158189 |
| 035 ## - SYSTEM CONTROL NUMBER | |
| System control number | (OCoLC)309667 |
| 035 ## - SYSTEM CONTROL NUMBER | |
| System control number | (OCoLC)ocm00309667 |
| 035 ## - SYSTEM CONTROL NUMBER | |
| System control number | (CStRLIN)NYCG8199590-B |
| 035 ## - SYSTEM CONTROL NUMBER | |
| System control number | (NNC)67077 |
| 040 ## - CATALOGING SOURCE | |
| Transcribing agency | dfd |
| 050 0# - LIBRARY OF CONGRESS CALL NUMBER | |
| Classification number | QC174.1 |
| Item number | .C57 |
| 082 ## - DEWEY DECIMAL CLASSIFICATION NUMBER | |
| Classification number | 530/.12 |
| 090 ## - LOCALLY ASSIGNED LC-TYPE CALL NUMBER (OCLC); LOCAL CALL NUMBER (OCLC) | |
| Local cutter number (OCLC) ; Book number/undivided call number, CALL (RLIN) | QC174.1.C57 |
| 300 ## - PHYSICAL DESCRIPTION | |
| Dimensions | 24 cm. |
| 100 1# - MAIN ENTRY--PERSONAL NAME | |
| Personal name | Colodny, Robert Garland, |
| Relator term | compiler. |
| 9 (RLIN) | 11493 |
| 245 10 - TITLE STATEMENT | |
| Title | Paradigms & paradoxes; |
| Remainder of title | the philosophical challenges of the quantum domain |
| Statement of responsibility, etc | [by] Arthur Fine [and others] Editor: Robert G. Colodny. |
| 260 ## - PUBLICATION, DISTRIBUTION, ETC. (IMPRINT) | |
| Place of publication, distribution, etc | [Pittsburgh] |
| Name of publisher, distributor, etc | University of Pittsburgh Press |
| Date of publication, distribution, etc | [1972] |
| 300 ## - PHYSICAL DESCRIPTION | |
| Extent | xix, 446 p. |
| 490 1# - SERIES STATEMENT | |
| Series statement | University of Pittsburgh series in the philosophy of science ; |
| Volume number/sequential designation | v. 5 |
| 500 ## - GENERAL NOTE | |
| General note | "Based on public lectures given in a series which the Center for Philosophy of Science has sponsored annually at the University of Pittsburgh since 1960." |
| 504 ## - BIBLIOGRAPHY, ETC. NOTE | |
| Bibliography, etc | Includes bibliographical references. |
| 505 0# - FORMATTED CONTENTS NOTE | |
| Formatted contents note | Some conceptual problems of quantum theory, by A. Fine.--Philosophical implications of contemporary particle physics, by G. Feinberg.--The physics of logic, by D. Finkelstein.--The nature of quantum mechanical reality: Einstein versus Bohr, by C. A. Hooker.--A formal approach to the philosophy of science, by B. C. Van Fraassen.--On the conceptual structure of quantum mechanics, by H. Stein. |
| 650 #0 - SUBJECT ADDED ENTRY--TOPICAL TERM | |
| Topical term or geographic name as entry element | Quantum theory. |
| 9 (RLIN) | 13782 |
| 650 #0 - SUBJECT ADDED ENTRY--TOPICAL TERM | |
| Topical term or geographic name as entry element | Physics |
| General subdivision | Philosophy. |
| 9 (RLIN) | 13783 |
| 700 1# - ADDED ENTRY--PERSONAL NAME | |
| Personal name | Fine, Arthur. |
| 9 (RLIN) | 13784 |
| 830 #0 - SERIES ADDED ENTRY--UNIFORM TITLE | |
| Uniform title | University of Pittsburgh series in the philosophy of science ; |
| Volume number/sequential designation | v. 5. |
| 9 (RLIN) | 13785 |
| 942 ## - ADDED ENTRY ELEMENTS (KOHA) | |
| Source of classification or shelving scheme | Library of Congress Classification |
| Koha item type | Monograph ( Printed materials) |
| Withdrawn status | Lost status | Source of classification or shelving scheme | Damaged status | Not for loan | Collection code | Home library | Current library | Shelving location | Date acquired | Total Checkouts | Full call number | Barcode | Date last seen | Price effective from | Koha item type |
|---|---|---|---|---|---|---|---|---|---|---|---|---|---|---|---|
| Library of Congress Classification | Main Collection | ARRUPE LIBRARY | ARRUPE LIBRARY | Main Collection | 13/01/2015 | QC174.1 .C57 | 46500003347 | 02/07/2019 | 13/01/2015 | Monograph ( Printed materials) |